书目信息 |
| 题名: |
Adobe Illustrator 9.0平面设计认证试题解析
|
|
| 作者: | 零星 , 万水 编著 | |
| 分册: | ||
| 出版信息: | 北京 科学出版社 2004.07 |
|
| 页数: | 225页 | |
| 开本: | 24cm | |
| 丛书名: | ACCD平面设计认证辅导丛书 | |
| 单 册: | ||
| 中图分类: | TP391.41 | |
| 科图分类: | ||
| 主题词: | 图形软件, Illustrator 9.0--工程技术人员--资格考核--自学参考资料 | |
| 电子资源: | ||
| ISBN: | 7-03-013656-X | |
| 000 | 00844nam2 2200253 45 | |
| 001 | 012004000000 | |
| 005 | 20050107101530.36 | |
| 010 | @a7-03-013656-X@dCNY 25.00 | |
| 100 | @a20041120d2004 em y0chiy0121 ea | |
| 101 | 0 | @achi |
| 102 | @aCN@b110000 | |
| 105 | @aa zq 000yy | |
| 200 | 1 | @aAdobe Illustrator 9.0平面设计认证试题解析@AAdobe Illustrator 9.0 ping mian she ji ren zheng shi ti jie xi@f零星, 万水编著 |
| 210 | @a北京@c科学出版社@d2004.07 | |
| 215 | @a225页@c图@d24cm | |
| 225 | 2 | @aACCD平面设计认证辅导丛书 |
| 410 | 0 | @12001 @aACCD平面设计认证辅导丛书 |
| 606 | 0 | @a图形软件, Illustrator 9.0@x工程技术人员@x资格考核@j自学参考资料 |
| 610 | 1 | @aIllustrator 9.0 |
| 690 | @aTP391.41@v4 | |
| 701 | 0 | @a零星@Aling xing@4编著 |
| 701 | 0 | @a万水@Awan shui@4编著 |
| 801 | 0 | @aCN@bQSSKxf@c20050107 |
| 905 | @a10447@dTP391.41@eL5741 | |
| Adobe Illustrator 9.0平面设计认证试题解析/零星, 万水编著.-北京:科学出版社,2004.07 |
| 225页:图;24cm.-(ACCD平面设计认证辅导丛书) |
| ISBN 7-03-013656-X:CNY 25.00 |
| ● |
| 相关链接 |
|
|
|
正题名:Adobe Illustrator 9.0平面设计认证试题解
索取号:TP391.41/L5741
 
预约/预借
| 序号 | 登录号 | 条形码 | 馆藏地/架位号 | 状态 | 备注 |
| 1 | 435412 | 204354126 | 自科二线404/404自科库 15排2列1层/ [索取号:TP391.41/L5741] | 在馆 | |
| 2 | 435413 | 204354135 | 自科库301/301自科库 66排6列5层/ [索取号:TP391.41/L5741] | 在馆 | |
| 3 | 435414 | 204354144 | 自科库301/301自科库 66排6列5层/ [索取号:TP391.41/L5741] | 在馆 |